| 000 | 00828nam a22002657a 4500 | ||
|---|---|---|---|
| 003 | CHAP | ||
| 005 | 20220817042836.0 | ||
| 008 | 971013s1966 r 00010 d | ||
| 010 | _a57451 | ||
| 011 | _a58423 | ||
| 035 | _a62578 | ||
| 040 | _cCHAP | ||
| 100 | 0 | 0 | _aSosa Moss, Carlos. |
| 245 |
_aContribution a l'un nematode phytopasite _b: heterodera avenae Wollenweber |
||
| 260 |
_aParis : _bLe autore, _c1966 |
||
| 300 |
_a(pág. var.) _b: ilus. |
||
| 500 | _aThese(Docteur és Sciences Naturalles) -- Université de Paris. Fac. des Sciences | ||
| 590 |
_aBATCH-UPD _b10 _c20130110 _lUCH01 _h0331 |
||
| 590 |
_aBATCH-UPD _b10 _c20130110 _lUCH01 _h2258 |
||
| 590 |
_aCONVERSION _b10 _c20130109 _lUCH01 _h1331 |
||
| 650 | 1 | 4 |
_aHeterodera. _955061 |
| 901 | _aBK | ||
| 942 | _cTESIS | ||
| 949 |
_bBC _cTES _d-134117 _eTS1 _i62578 _si |
||
| 999 |
_c57451 _d57451 |
||